IMPLICATION OF FISHERS' LIVELIHOODS ON POVERTY REDUCTION ALONG LAKE VICTORIA BASIN : A CASE OF MBITA SUB-COUNTY, KENYA (Record no. 216063)
[ view plain ]
| 000 -LEADER | |
|---|---|
| fixed length control field | 00477nam a22001457a 4500 |
| 008 - FIXED-LENGTH DATA ELEMENTS--GENERAL INFORMATION | |
| fixed length control field | 250902b |||||||| |||| 00| 0 eng d |
| 100 ## - MAIN ENTRY--PERSONAL NAME | |
| Personal name | KETA KIDA JACOB |
| 245 ## - TITLE STATEMENT | |
| Title | IMPLICATION OF FISHERS' LIVELIHOODS ON POVERTY REDUCTION ALONG LAKE VICTORIA BASIN : A CASE OF MBITA SUB-COUNTY, KENYA |
| 260 ## - PUBLICATION, DISTRIBUTION, ETC. | |
| Place of publication, distribution, etc. | KISII |
| Name of publisher, distributor, etc. | KISII UNIVERSITY |
| Date of publication, distribution, etc. | 2017 |
| 300 ## - PHYSICAL DESCRIPTION | |
| Extent | XIV,145P. |
| 500 ## - GENERAL NOTE | |
| General note | INCLUDES AN INDEX |
| 650 ## - SUBJECT ADDED ENTRY | |
| Topical term or geographic name entry element | FISHERIES-LAKE VICTORIA |
| 942 ## - ADDED ENTRY ELEMENTS (KOHA) | |
| Source of classification or shelving scheme | Library of Congress Classification |
| Koha item type | Reference |
| Withdrawn status | Lost status | Source of classification or shelving scheme | Damaged status | Not for loan | Collection | Home library | Current library | Shelving location | Date acquired | Inventory number | Total checkouts | Full call number | Barcode | Date last seen | Copy number | Price effective from | Koha item type |
|---|---|---|---|---|---|---|---|---|---|---|---|---|---|---|---|---|---|
| Library of Congress Classification | Science & Technology | Kisii University Library | Kisii University Library | On Display | 09/02/2025 | 108018 | THE SH 312 .V53K48 2017 | 000000014745 | 09/02/2025 | C.1 | 09/02/2025 | Reference |